000
00288dam a22001097a 4500
999
_c
2964
_d
2964
008
190510e1993 ag ||||| |||| 00| 0 spa d
100
_a
Kreutzer, Eduardo
245
_a
Cardiologia y cirugia cardiovascular infantil
250
_a
1a ed.
260
_a
Buenos Aires
_b
Doyma
_c
1993
500
_a
Baja